Grandes temas de Santo Domingo: reflexiones desde el CELAM

Saved in:
Bibliographic Details
Corporate Author: Consejo Episcopal Latinoamericano (Author)
Format: Book
Language:Spanish
Published: Bogotá CELAM 1994
Series:Documentos CELAM, 132
Subjects:
Tags: Add Tag
No Tags, Be the first to tag this record!

MARC

LEADER 00000nam a2200000 a 4500
001 UCL4976
003 CL-VaPUC
008 040227e19940000CK |||||||||||||||||spa|d
020 |a 9586252698 
082 0 4 |a 261  |b CON  |2 21 
110 2 |a Consejo Episcopal Latinoamericano  |e author  |9 482709 
245 1 0 |a Grandes temas de Santo Domingo: reflexiones desde el CELAM 
300 |a 461 p 
942 |c BK 
945 |d 20040227 00:00:00  |a cmena 
260 |a Bogotá  |b CELAM  |c 1994 
650 7 |a EVANGELIZACION  |2 CL-VaPUC  |9 482710 
650 0 |a Moral social   |9 310700 
650 0 |a Derechos humanos  |9 223025 
650 0 |a Doctrina social de la iglesia  |9 257333 
650 0 |a Iglesia Católica  |9 256114 
651 0 |a América Latina   |9 255027 
583 |a last modification  |c 20040227 00:00:00  |k Rodrigo Vera 
490 0 |a Documentos CELAM, 132 
999 |c 307721  |d 307719 
952 |0 0  |1 0  |4 0  |6 261_000000000000000_CON_1994  |7 0  |8 A  |9 373804  |a BIBTEO  |b BIBTEO  |d 2019-11-21  |i 3967700  |o 261 CON 1994  |p 3967700  |r 2025-01-17  |w 2019-11-21  |y BK  |k ICR